000 00415nam a22001697a 4500
005 20160613095215.0
008 160613b xxu||||| |||| 00| 0 eng d
020 _a978-81-7223-659-5
041 _aeng
082 _b7049
100 _aSingh, Khushwant
_91745
245 _aIndia an Introduction
260 _aNoida
_bHarper collins Publishees,
_c2003
300 _a318
650 _aManagement
_9241
942 _cBK
999 _c2458
_d2457